[Event "8th WUCC"]
[Site "Instanbul TUR"]
[Date "2004.09.08"]
[Round "6"]
[White "Kurnosov,I"]
[Black "Bitansky,I"]
[Result "1/2-1/2"]
[WhiteElo "2535"]
[BlackElo "2377"]

1.e4 d5 2.exd5 Qxd5 3.Nc3 Qd6 4.d4 Nf6 5.Nf3 a6 6.g3 Bg4 7.Bg2 Nc6 8.O-O O-O-O
9.d5 Ne5 10.Bf4 Nxf3+ 11.Bxf3 Bxf3 12.Qxf3 Qd7 13.Rfd1 Qf5 14.Qe3 Kb8 15.a4 Ng4
16.Qf3 g6 17.h3 Ne5 18.Qe3 Nc4 19.Qe2 Nd6 20.Qe5 Bh6 21.Qxf5 Nxf5 22.Bxh6 Nxh6
23.Re1 Rhe8 24.g4 f5 25.f3 Rd6 26.Re6 Nf7 27.Rae1 Ng5 28.Rxe7 Rxe7 29.Rxe7 Nxf3+
30.Kf2 fxg4 31.hxg4 Nd4 32.Ke3 Nxc2+ 33.Kd3 Nb4+ 34.Kc4 Nc2 35.Re2 Na1 36.Ne4 b5+
37.axb5 axb5+ 38.Kd4 Nb3+ 39.Kc3 Nc1 40.Re1 Na2+ 41.Kb3 Rxd5 42.Kxa2 Re5
43.g5 c5 44.Kb3 Kc7 45.Kc3 Kc6 46.Kd3 c4+ 47.Ke3 h6 48.gxh6 Rh5 49.Kd4 Rxh6
50.Kc3 Rh2 51.Nd2 b4+ 52.Kc2 Kd5 53.Rg1 c3 54.bxc3 bxc3 55.Kxc3 Rh3+ 56.Kc2 Rh2
57.Kd3 Rh3+ 58.Ke2 Ra3 59.Rg5+ Ke6 60.Rxg6+ Kf5 61.Rb6 Ra2 62.Kd3 Ra3+ 63.Kd4 Ra4+
64.Nc4 Kg5 65.Rb8 Kf5 66.Kd5 Kf4 67.Rf8+ Kg3 68.Ne5 Ra1 69.Rf3+ Kg2 70.Rd3 Kf2
71.Nc4 Ra8 72.Ke4 Ra4 73.Rd4 Kg3 74.Ke3 Rb4 75.Kd3 Rb3+ 76.Kc2 Rb4 77.Kc3 Rb5
78.Nd6 Rb8 79.Kc4 Kf3 80.Kd5 Ra8 81.Nf7 Ra5+ 82.Ke6 Ke3 83.Rh4 Ra6+ 84.Kf5 Ra1
85.Re4+ Kd2 86.Ne5 Rf1+ 87.Ke6 Ra1 88.Kd5 Ra8 89.Nc4+ Kc3 90.Re3+ Kc2 91.Nb6 Rd8+
92.Kc4 Kd2 93.Re4 Rb8 94.Nd5 Rc8+ 95.Kd4 Ra8 96.Ne3 Ra4+ 97.Ke5  1/2-1/2

[Event "zt2.3.c2"]
[Site "San Jose CRC"]
[Date "2004.09.08"]
[Round "5"]
[White "Sermeno,C"]
[Black "Jimenez,Mo"]
[Result "1/2-1/2"]
[WhiteElo "2043"]
[BlackElo "2141"]

1.e4 d5 2.exd5 Qxd5 3.Nc3 Qd8 4.d4 Nf6 5.Bc4 Bg4 6.f3 Bf5 7.Nge2 e6 8.Bg5 Be7
9.O-O O-O 10.Bd3 Bxd3 11.Qxd3 c6 12.Ne4 Nbd7 13.N2c3 Nd5 14.Bxe7 Qxe7 15.Nxd5 cxd5
16.Nd2 a6 17.a4 Rfc8 18.c3 Nb6 19.f4 Nc4 20.Nxc4 dxc4 21.Qe4 Qd7 22.Rfe1 Re8
23.Re3 Rad8 24.Kf2 Qd5 25.Qxd5 Rxd5 26.Re5 f6 27.Rxd5 exd5 28.a5 Kf7 29.Ra4 Re7
30.Rb4 Rd7 31.Rb6 Kg6 32.g4 h5 33.h3 hxg4 34.hxg4 Kf7 35.Kf3 Kg6 36.f5+ Kg5
37.Re6 g6 38.fxg6 Kxg6 39.Kf4 Rh7 40.Rd6 Rh2 41.Rxd5 Rxb2 42.Rc5 Ra2 43.d5 Rd2
44.Ke4 Rg2 45.d6 Kf7 46.Rc7+ Ke6 47.Rxb7 Kxd6 48.Rb6+ Kc5 49.Kf5 Rf2+ 50.Ke6 Rf4
51.Rxa6 Rxg4 52.Kd7 Rg3 53.Rxf6 Rxc3 54.a6 Ra3 55.Kc7 c3 56.Kb7 Rb3+ 57.Kc7 Ra3
58.Rc6+ Kd5 59.Kb7 Rb3+ 60.Kc7 Ra3  1/2-1/2

[Event "3rd Autumn"]
[Site "Alushta UKR"]
[Date "2004.09.10"]
[Round "1"]
[White "Geller,J"]
[Black "Ogloblin,N"]
[Result "1-0"]
[WhiteElo "2484"]
[BlackElo "2447"]

1.e4 d5 2.exd5 Qxd5 3.Nc3 Qd6 4.d4 Nf6 5.Nf3 a6 6.Bd3 Nc6 7.O-O Bg4 8.Ne4 Nxe4
9.Bxe4 O-O-O 10.c3 e6 11.h3 Bh5 12.b4 Bg6 13.Bxg6 hxg6 14.a4 Rh5 15.b5 axb5
16.axb5 Rxb5 17.Ba3 Qd5 18.Bxf8 Rxf8 19.Ra8+ Nb8 20.Qa4  1-0

[Event "3rd Autumn"]
[Site "Alushta UKR"]
[Date "2004.09.11"]
[Round "3"]
[White "Vokarev,S"]
[Black "Ogloblin,N"]
[Result "1-0"]
[WhiteElo "2529"]
[BlackElo "2447"]

1.e4 d5 2.exd5 Qxd5 3.Nc3 Qd6 4.d4 Nf6 5.Nf3 a6 6.Be3 Bg4 7.h3 Bh5 8.g4 Bg6
9.Ne5 e6 10.Bg2 c6 11.h4 Nd5 12.Nxd5 cxd5 13.c3 f6 14.Nxg6 hxg6 15.Qd3 Kf7
16.O-O-O Nc6 17.f4 Be7 18.f5 Rac8 19.fxe6+ Qxe6 20.h5 g5 21.Rde1 Nb4 22.Qg6+ Kf8
23.h6 Rxh6 24.Rxh6 gxh6 25.Kd2 Qxg4 26.Qxh6+ Kf7 27.Qh7+ Kf8 28.Bh3  1-0

[Event "TCh-SCG 2nd Liga"]
[Site "Sutomore SCG"]
[Date "2004.09.14"]
[Round "7"]
[White "Mrsevic,M"]
[Black "Dragasevic,S"]
[Result "0-1"]
[WhiteElo "2244"]
[BlackElo "2308"]

1.e4 d5 2.exd5 Qxd5 3.Nc3 Qd6 4.g3 Nf6 5.Bg2 Bg4 6.Nge2 Nc6 7.h3 Bh5 8.d3 O-O-O
9.Be3 e5 10.O-O Nd4 11.g4 Bg6 12.Nxd4 exd4 13.Nb5 Qe5 14.Nxa7+ Kb8 15.Bd2 Kxa7
16.f4 Qc5 17.f5 Bd6 18.a4 Rhe8 19.fxg6 fxg6 20.Qf3 c6 21.a5 Nd5 22.a6 Rf8
23.axb7+ Kxb7 24.Qe2 Ne3 25.Rxf8 Rxf8 26.Bxe3 Qe5 27.Bxc6+ Kb6 28.Bf3 dxe3
29.Rf1 Qxb2 30.d4 Qxd4 31.Rb1+ Kc7 32.Qa6 e2+ 33.Kh1 e1=Q+ 34.Rxe1 Rxf3 35.Qa5+ Qb6
36.Qxb6+ Kxb6 37.Rb1+ Kc6 38.Rb3 Rf2 39.Rc3+ Bc5 40.h4 Rf4 41.Rg3 Rc4 42.c3 Bd6
43.Rf3 Rxg4 44.h5 gxh5 45.Rf5 g6 46.Rf7 Rg3 47.Rxh7 Rxc3 48.Rh6 Rg3 49.Rxg6 Rh3+
50.Kg2 Rh2+ 51.Kg1 Rh4 52.Kg2 Rg4+ 53.Kh1 Rh4+ 54.Kg2 Rd4 55.Rh6 Rd5 56.Kh3 Kd7
57.Rh7+ Be7 58.Rh6 Rd3+ 59.Kg2 h4 60.Kh2 Bd6+ 61.Kg2 Rg3+ 62.Kh2 Rg6+ 63.Kh3 Rxh6
64.Kg2 h3+ 65.Kh1 Bg3 66.Kg1 Rf6  0-1

[Event "TCh-SCG 2nd Liga"]
[Site "Sutomore SCG"]
[Date "2004.09.14"]
[Round "7"]
[White "Todorovic,R"]
[Black "Kandic,Milo"]
[Result "1-0"]
[WhiteElo "2071"]
[BlackElo "2089"]

1.e4 d5 2.exd5 Qxd5 3.Nc3 Qd8 4.d4 Nf6 5.Bc4 c6 6.Nf3 Bf5 7.O-O e6 8.Ne5 Be7
9.Be3 O-O 10.h3 b5 11.Bb3 a5 12.a4 b4 13.Ne2 Qc7 14.Ng3 Bg6 15.h4 Nd5 16.h5 Bf5
17.Nxf5 exf5 18.Qf3 Ra6 19.Qxf5 Bd6 20.Rae1 Re8 21.Bc4 Ra8 22.Bd3 g6 23.hxg6 fxg6
24.Nxg6 Qg7 25.Nh4 Nd7 26.Qg5 Bf8 27.Nf5 Qxg5 28.Bxg5 b3 29.cxb3 Bb4 30.Rxe8+ Rxe8
31.Rc1 Re6 32.Ne3 Bd2 33.Rd1 Bb4 34.Nxd5 cxd5 35.Bf5 Rd6 36.Be7 Nf6 37.Bxd6 Bxd6
38.Rc1 Kf8 39.Rc6 Ke7 40.Ra6 Bb4 41.Bxh7 Nxh7 42.Ra7+ Ke6 43.Rxh7 Kf5 44.f3 Bd2
45.Kf2 Bc1 46.Ke2 Bxb2 47.Kd3 Ba3 48.Rh5+ Ke6 49.Re5+ Kd6 50.g4  1-0

[Event "3rd Autumn"]
[Site "Alushta UKR"]
[Date "2004.09.18"]
[Round "12"]
[White "Annageldyev,O"]
[Black "Hasangatin,R"]
[Result "1-0"]
[WhiteElo "2458"]
[BlackElo "2485"]

1.e4 d5 2.exd5 Qxd5 3.Nc3 Qd6 4.d4 Nf6 5.Nf3 a6 6.Bd3 g6 7.O-O Bg7 8.h3 O-O
9.Be3 Nbd7 10.Qd2 c5 11.Bf4 Qb6 12.Na4 Qc6 13.Nxc5 Nxc5 14.Ne5 Qd5 15.dxc5 Nh5
16.Rfe1 Nxf4 17.Qxf4 Qxc5 18.Bc4 e6 19.Rad1 b5 20.Bb3 Ra7 21.Qe3 Qxe3 22.Rxe3 Rc7
23.c3 Bb7 24.Rd6 Re8 25.a3 Kf8 26.f4 Kg8 27.Red3 Bf8 28.Rd7 Bc5+ 29.Kf1 Re7
30.Rd8+ Kg7 31.g3 h5 32.Ke2 a5 33.g4 h4 34.g5 Rc8 35.Rxc8 Bxc8 36.Rd8 Rc7
37.Kf3 Be7 38.Rd1 Bb7+ 39.Kg4 Be4 40.Kxh4 Bxa3 41.bxa3 Rxc3 42.Ba2 Bf5 43.Ng4 Rxa3
44.Bb1 Bxb1 45.Rxb1 b4 46.Rd1  1-0

[Event "Georgiev-Kesarovski Mem"]
[Site "Sunny Beach BUL"]
[Date "2004.09.19"]
[Round "2"]
[White "Janachkov,A"]
[Black "Bratanov,Z"]
[Result "1/2-1/2"]
[WhiteElo "2227"]
[BlackElo "2432"]

1.e4 d5 2.exd5 Qxd5 3.Nc3 Qd6 4.Nf3 Nf6 5.Be2 a6 6.O-O Nc6 7.d3 e5 8.Re1 Be7
9.Bg5 O-O 10.h3 Bf5 11.Bf1 Rfe8 12.Ne4 Nxe4 13.dxe4 Be6 14.Qxd6 cxd6 15.Red1 f6
16.Be3 Red8 17.Bb6 Rd7 18.Nd2 f5 19.Bc4 Bxc4 20.Nxc4 fxe4 21.Ne3 Rf8 22.Nd5 Bd8
23.Be3 Ne7 24.Nxe7+ Bxe7 25.Rd5 Rc8 26.c3 Kf7 27.Kf1 Ke6 28.Rad1 b5 29.Bb6 Bd8
30.Bxd8 Rdxd8 31.Ke2 b4 32.cxb4 Rc2+ 33.R1d2 Rxd2+ 34.Rxd2 Rc8 35.Kd1 Rb8
36.a3 d5 37.Rc2 Kd6 38.Rc5 g5 39.Ke2 h5 40.Ke3 g4 41.hxg4 hxg4 42.Ra5 Rb6
43.Rc5  1/2-1/2

[Event "Georgiev-Kesarovski Mem"]
[Site "Sunny Beach BUL"]
[Date "2004.09.20"]
[Round "4"]
[White "Yordanov,N"]
[Black "Jovkova Draganova,P"]
[Result "1-0"]
[WhiteElo "2244"]
[BlackElo "2069"]

1.e4 d5 2.exd5 Qxd5 3.Nc3 Qd8 4.d4 c6 5.Bc4 Bf5 6.Nf3 e6 7.a3 Nf6 8.h3 Nbd7
9.O-O Qc7 10.Re1 Be7 11.Qe2 Nb6 12.Ba2 O-O 13.Nh4 Bd6 14.Bg5 Nbd5 15.Bxd5 Nxd5
16.Nxd5 cxd5 17.Nxf5 exf5 18.c3 Bh2+ 19.Kh1 Bf4 20.Bxf4 Qxf4 21.Kg1 g6 22.Qb5 Qd6
23.Re5 Rfd8 24.Rae1 Rd7 25.Re8+ Rxe8 26.Rxe8+ Kg7 27.Qe2 a6 28.Kf1 b5 29.Qe5+ Qxe5
30.Rxe5 a5 31.Ke2 Kf8 32.Kd3 Rd6 33.f4 f6 34.Re1 Kf7 35.g3 Re6 36.Rxe6 Kxe6
37.b3 g5 38.Ke3 h5 39.h4 gxh4 40.gxh4 Kd6 41.Kd3 Kc6 42.c4 b4 43.axb4 axb4
44.Kd2 Kd6 45.cxd5 Kxd5 46.Kd3 Kd6 47.Kc4 Kc6 48.Kxb4 Kd5 49.Ka5 Kxd4 50.b4 Ke4
51.b5 Kxf4 52.b6 Kg4 53.b7 Kxh4 54.b8=Q Kg4 55.Qg8+ Kh4 56.Qg2 f4 57.Kb4 f3  1-0

[Event "Georgiev-Kesarovski Mem"]
[Site "Sunny Beach BUL"]
[Date "2004.09.21"]
[Round "5"]
[White "Manolov,I"]
[Black "Panbukchian,V"]
[Result "0-1"]
[WhiteElo "2257"]
[BlackElo "2343"]

1.e4 d5 2.exd5 Qxd5 3.Nc3 Qd6 4.d4 Nf6 5.Bd3 Nc6 6.Nge2 e5 7.dxe5 Nxe5 8.Bb5+ c6
9.Qxd6 Bxd6 10.Ba4 b5 11.Bb3 a5 12.a4 b4 13.Nd1 Ba6 14.Ne3 O-O 15.Ng3 Rfe8
16.h3 Ned7 17.Ne2 Nb6 18.Nd4 Rac8 19.c3 Ne4 20.Ndf5 Bf8 21.f3 Nc5 22.Bc2 b3
23.Bb1 Nd5 24.Kf2 Nf4 25.Rd1 Ncd3+ 26.Bxd3 Nxd3+ 27.Rxd3 Bxd3 28.Nd4 Bc5
29.Bd2 f5 30.g3 g5 31.f4 gxf4 32.gxf4 Kf7 33.Re1 Bxd4 34.cxd4 Re4 35.Kf3 Rxd4
36.Bxa5 Be4+ 37.Kf2 Rxa4 38.Bc3 Rg8 39.Rd1 Ra7 40.Rd6 Ke8 41.Rd4 Rag7 42.Rb4 Rg3
43.Be5 Rxh3 44.Rxb3 Rh2+ 45.Kf1 Kd7 46.Bd4 Ra8  0-1

[Event "Georgiev-Kesarovski Mem"]
[Site "Sunny Beach BUL"]
[Date "2004.09.21"]
[Round "6"]
[White "Stoinev,M"]
[Black "Bratanov,Z"]
[Result "1/2-1/2"]
[WhiteElo "2296"]
[BlackElo "2432"]

1.e4 d5 2.exd5 Qxd5 3.Nc3 Qd6 4.d4 Nf6 5.Nf3 a6 6.g3 Bg4 7.Bg2 Nc6 8.O-O O-O-O
9.d5 Nb4 10.Bf4 Qc5 11.Be3 Qa5 12.h3 Nbxd5 13.Nxd5 Nxd5 14.Bd2 Bxf3 15.Bxa5 Bxd1
16.Rfxd1 e6 17.c4 Bb4 18.Rxd5 Rxd5 19.Bxb4 Rd4 20.Bf1 f6 21.Bc3 Rd7 22.h4 Re8
23.Re1 c5 24.Bh3 Rd6 25.a4 b6 26.Bf5 h6 27.Kg2 a5 28.Bc2 Red8 29.Kf3 Kd7
30.g4 Ke7 31.g5 hxg5 32.hxg5 Rh8 33.gxf6+ gxf6 34.Rg1 Rh3+ 35.Ke2 Kf7 36.Rg6 e5
37.Rg2 Rh4 38.f3 Rd8 39.Be4 Rdh8 40.Bd5+ Kf8 41.Ke3 Rh2 42.Rxh2 Rxh2 43.f4 exf4+
44.Kxf4 Ke7 45.Bf3 Rf2 46.Ke4 Ke6 47.Bg4+ Kd6 48.Bf5 Ke7 49.Bc8 Kd6 50.Bb7 Kc7
51.Bd5 Kd6 52.Ke3 Rf1 53.Ke2 Ra1 54.Bxf6 Rxa4 55.Bg7 Ra1 56.Kd2 Rg1 57.Bh6 Rg4
58.Ke3 Rg3+ 59.Ke4 Kd7 60.Bf4 Rb3 61.Be5 a4 62.Bf7 a3 63.bxa3 Rxa3 64.Bg6 Kc6
65.Be8+ Kb7 66.Bb5 Ra2 67.Kd5 Rd2+ 68.Ke6 Re2 69.Be8 Rc2 70.Bb5 Re2 71.Ba4 Ra2
72.Bd1 b5 73.cxb5 Kb6 74.Bb3 Ra5  1/2-1/2

[Event "TCh-BEL 2004-5"]
[Site "Belgium BEL"]
[Date "2004.09.26"]
[Round "2"]
[White "Hommeles,T"]
[Black "Dutreeuw,M"]
[Result "1/2-1/2"]
[WhiteElo "2384"]
[BlackElo "2352"]

1.e4 d5 2.exd5 Qxd5 3.Nc3 Qd6 4.d4 Nf6 5.Nf3 a6 6.Ne5 Nc6 7.Bf4 Nxd4 8.Bd3 Bf5
9.O-O Bxd3 10.Qxd3 Nc6 11.Qe2 Nxe5 12.Bxe5 Qc6 13.Rad1 e6 14.Rd3 Bd6 15.Rg3 O-O-O
16.Rxg7 Rhg8 17.Bxf6 Rxg7 18.Bxg7 Rg8 19.Qe4 Qxe4 20.Nxe4 Rxg7 21.f4 f5 22.Nxd6+  1/2-1/2

[Event "TCh-BEL 2004-5"]
[Site "Belgium BEL"]
[Date "2004.09.26"]
[Round "2"]
[White "Michiels,B"]
[Black "Eismont,O"]
[Result "1-0"]
[WhiteElo "2453"]
[BlackElo "2430"]

1.e4 d5 2.exd5 Qxd5 3.Nc3 Qd6 4.d4 Nf6 5.Nf3 a6 6.g3 b5 7.Bg2 Bb7 8.O-O e6
9.Re1 Be7 10.Bf4 Qb6 11.a4 b4 12.a5 Qa7 13.Bxc7 Bxf3 14.Qxf3 Qxc7 15.Nb5 axb5
16.Qxa8 O-O 17.Qb7 Qxb7 18.Bxb7 Rd8 19.a6 Nxa6 20.Rxa6 Rxd4 21.Ra8+ Bf8 22.Bf3 Nd7
23.Rd8 Rd6 24.Be2 g5 25.Bxb5 Nc5 26.Rxd6 Bxd6 27.Rd1 Be5 28.Rd8+ Kg7 29.Rc8 Ne4
30.Rc4 b3 31.Rxe4  1-0

[Event "79th ch-ARG"]
[Site "Buenos Aires ARG"]
[Date "2004.09.26"]
[Round "3"]
[White "Pierrot,F"]
[Black "Menon,D"]
[Result "1-0"]
[WhiteElo "2436"]
[BlackElo "2062"]

1.e4 d5 2.exd5 Qxd5 3.Nc3 Qd8 4.d4 Nf6 5.Nf3 Bg4 6.h3 Bxf3 7.Qxf3 c6 8.Be3 e6
9.O-O-O Nbd7 10.Bc4 Qc7 11.g4 Nb6 12.Bb3 Nbd5 13.Bd2 O-O-O 14.Ne2 h6 15.h4 Ne8
16.c4 Nb4 17.a3 Na6 18.Bc3 b5 19.cxb5 cxb5 20.d5 Nc5 21.Ba2 exd5 22.Bxd5 Na4
23.Bxf7 Rxd1+ 24.Rxd1 Bd6 25.Qf5+ Kd8 26.Nd4 Nc5 27.Nxb5 Qc6 28.Bxe8  1-0

[Event "1st Central League"]
[Site "Vrnjacka Banja SCG"]
[Date "2004.09.26"]
[Round "2"]
[White "Kojovic,D"]
[Black "Radibratovic,P"]
[Result "1/2-1/2"]
[WhiteElo "2340"]
[BlackElo "2320"]

1.e4 d5 2.exd5 Qxd5 3.Nc3 Qd6 4.d4 c6 5.Nf3 Bg4 6.Be2 e6 7.Be3 Nd7 8.Qd2 Qc7
9.h3 Bh5 10.Ne4 Ngf6  1/2-1/2

[Event "1st Central League"]
[Site "Vrnjacka Banja SCG"]
[Date "2004.09.26"]
[Round "3"]
[White "Marinkovic,I"]
[Black "Vojinovic,G"]
[Result "1/2-1/2"]
[WhiteElo "2447"]
[BlackElo "2432"]

1.e4 d5 2.exd5 Qxd5 3.Nc3 Qd6 4.g3 Nf6 5.Bg2 Nc6 6.Nf3 Bg4 7.h3 Bh5 8.d4 O-O-O
9.O-O e5 10.dxe5 Nxe5 11.Qxd6 Nxf3+ 12.Bxf3 Bxd6 13.Bxh5 Nxh5  1/2-1/2

[Event "Tatry Open"]
[Site "Tatranske Zruby SVK"]
[Date "2004.09.28"]
[Round "5"]
[White "Poloch,P"]
[Black "Orgon,D"]
[Result "1/2-1/2"]
[WhiteElo "2291"]
[BlackElo "2143"]

1.e4 d5 2.exd5 Qxd5 3.Nc3 Qd6 4.Bc4 Nf6 5.d3 a6 6.a4 Nc6 7.Nge2 Bg4 8.O-O e6
9.Be3 Be7 10.Qd2 O-O 11.f3 Bf5 12.Ne4 Bxe4 13.dxe4 Qxd2 14.Bxd2 Bc5+ 15.Kh1 Rad8  1/2-1/2

[Event "Tatry Open"]
[Site "Tatranske Zruby SVK"]
[Date "2004.09.30"]
[Round "7"]
[White "Klemanic,E"]
[Black "Lipka,J"]
[Result "1/2-1/2"]
[WhiteElo "2248"]
[BlackElo "2389"]

1.e4 d5 2.exd5 Qxd5 3.Nc3 Qd6 4.d4 Nf6 5.g3 Bg4 6.Be2 Bxe2 7.Ngxe2 Nc6 8.Bf4 Qd7
9.Qd2 O-O-O 10.O-O-O e6 11.Bg5 Be7 12.f3 h6 13.Be3 Nd5 14.Bf2 Bg5 15.f4 Nxc3
16.Qxc3 Bf6 17.Qb3 Qd5 18.Qxd5 exd5 19.Rhe1 Rhe8 20.c3 g5 21.Rd3 g4 22.Kd2 Ne7
23.Re3 Rh8 24.Nc1 Nf5 25.R3e2 h5 26.Nd3 h4 27.Ne5 hxg3 28.Bxg3 Bxe5 29.fxe5 Kd7
30.Rf1 Ke6 31.Ref2 Rh5 32.b4 Rdh8 33.a4 R8h7 34.a5 a6 35.Ke2 Rg5  1/2-1/2

[Event "9th ECC w"]
[Site "Izmir TUR"]
[Date "2004.10.03"]
[Round "1"]
[White "Gvetadze,S"]
[Black "Kizova,S"]
[Result "1-0"]
[WhiteElo "2321"]
[BlackElo "2124"]

1.e4 d5 2.exd5 Qxd5 3.Nc3 Qd8 4.d4 Nf6 5.Bg5 c6 6.h3 Bf5 7.Nf3 e6 8.Bd3 Bxd3
9.Qxd3 Nbd7 10.O-O-O Qa5 11.Bd2 Bb4 12.a3 Bxc3 13.Bxc3 Qd5 14.Rhe1 Qa2 15.Nd2 Qd5
16.Nc4 O-O 17.Ne3 Qg5 18.Bb4 Rfe8 19.Kb1 Nd5 20.Bd2 Nxe3 21.fxe3 Qg3 22.Qf1 e5
23.Bc3 Rad8 24.Qf5 g6 25.Qf1 c5 26.dxe5 Nxe5 27.Qf6 Rxd1+ 28.Rxd1  1-0

[Event "YM"]
[Site "Winterthur SUI"]
[Date "2004.10.04"]
[Round "4"]
[White "Papa,S"]
[Black "Benkovic,P"]
[Result "1/2-1/2"]
[WhiteElo "2411"]
[BlackElo "2430"]

1.e4 d5 2.exd5 Qxd5 3.Nc3 Qd6 4.d4 Nf6 5.Nf3 a6 6.Be3 Nc6 7.h3 Bf5 8.Bc4 Nb4
9.Bb3 e6 10.g4 Bg6 11.Ne5 O-O-O 12.Qf3 Be7 13.O-O-O Rhf8 14.Rhe1 Nbd5 15.Nxd5 Nxd5
16.c4 Nxe3  1/2-1/2

[Event "YM"]
[Site "Winterthur SUI"]
[Date "2004.10.06"]
[Round "6"]
[White "Kurmann,O"]
[Black "Benkovic,P"]
[Result "1/2-1/2"]
[WhiteElo "2312"]
[BlackElo "2430"]

1.e4 d5 2.exd5 Qxd5 3.Nc3 Qd6 4.d4 Nf6 5.Nf3 c6 6.h3 Bf5 7.g4 Be6 8.Qe2 Nbd7
9.Bd2 Nb6 10.g5 Bc4 11.Qe5 Nfd7 12.Qxd6 exd6 13.b3 Bxf1 14.Rxf1 d5 15.O-O-O Ba3+
16.Kb1 O-O-O 17.Bf4 Rhe8 18.Rde1 Bb4 19.Kb2 f6 20.a3 Bxc3+ 21.Kxc3 Re4 22.Bg3 Rde8
23.gxf6 Nxf6 24.Be5 Nbd7 25.Bxf6 Nxf6 26.Rxe4 Nxe4+ 27.Kd3 Rf8 28.Ke3 Rxf3+
29.Kxf3 Nd2+ 30.Ke2 Nxf1 31.Kxf1 Kd7 32.f4 Ke6 33.Kf2 Kf5 34.Kf3 b6 35.c3 c5
36.Ke3 cxd4+ 37.cxd4 b5 38.Kf3 h6 39.Ke3 g6 40.Kf3 g5 41.fxg5 hxg5 42.a4 bxa4
43.bxa4 Kg6 44.Kg4 a5 45.Kf3 Kf5 46.Ke3 Kg6 47.Kf3 Kh5 48.Kg3 Kh6 49.Kg4 Kg6
50.Kf3 Kf5 51.Ke3 g4 52.h4 g3 53.Kf3 g2 54.Kxg2 Kg4 55.h5 Kxh5  1/2-1/2

[Event "9th ECC w"]
[Site "Izmir TUR"]
[Date "2004.10.07"]
[Round "5"]
[White "Ornstein,P"]
[Black "Kizova,S"]
[Result "1/2-1/2"]
[WhiteElo "2026"]
[BlackElo "2124"]

1.e4 d5 2.exd5 Qxd5 3.Nc3 Qd8 4.d4 Nf6 5.Bc4 c6 6.Nf3 Bf5 7.Ne5 e6 8.g4 Bg6
9.h4 Bb4 10.f3 Nd5 11.Bxd5 cxd5 12.h5 f6 13.hxg6 fxe5 14.Qd3 Nc6  1/2-1/2

[Event "36th Olympiad w"]
[Site "Calvia ESP"]
[Date "2004.10.16"]
[Round "1"]
[White "Sergeeva,M"]
[Black "Munoz,Do"]
[Result "1-0"]
[WhiteElo "2308"]
[BlackElo "1979"]

1.e4 d5 2.exd5 Qxd5 3.Nc3 Qd6 4.Nf3 Nf6 5.Bc4 c6 6.O-O Bg4 7.Re1 e6 8.d4 Be7
9.Ne4 Nxe4 10.Rxe4 Bxf3 11.Qxf3 Nd7 12.c3 Nf6 13.Bf4 Qd7 14.Re2 O-O 15.Rae1 Nd5
16.Bc1 Bf6 17.Qg3 Rfe8 18.Bb3 Rad8 19.Bc2 Ne7 20.Qh3 Ng6 21.Qg4 Nf8 22.h4 e5
23.Bf5 Qd5 24.f4 Qxa2 25.fxe5 Be7 26.h5 Ne6 27.Bh6 Bf8 28.Bxg7 Nxg7 29.h6 Re6
30.hxg7 Bxg7 31.Qh4 Ree8 32.e6  1-0

[Event "36th Olympiad w"]
[Site "Calvia ESP"]
[Date "2004.10.17"]
[Round "2"]
[White "Madl,I"]
[Black "Borsuk,A"]
[Result "1-0"]
[WhiteElo "2369"]
[BlackElo "2306"]

1.e4 d5 2.exd5 Qxd5 3.Nc3 Qd6 4.d4 Nf6 5.Nf3 a6 6.g3 Bg4 7.h3 Bh5 8.Bg2 Nc6
9.O-O O-O-O 10.Bf4 Qb4 11.Ne2 Bxf3 12.Bxf3 Nxd4 13.Nxd4 Rxd4 14.Qe2 Qc4 15.Qe5 Nd7
16.Qe3 e6 17.b3 Qc5 18.c3 Rxf4 19.Qxf4 Nf6 20.Rad1 Bd6 21.Qd4 Qxd4 22.Rxd4 e5
23.Rd2 e4 24.Bg2 e3 25.fxe3 Bxg3 26.Bf3 h5 27.Kg2 Be5 28.Rd3 Re8 29.Rfd1 c6
30.c4 a5 31.a3 g5 32.Rf1 g4 33.hxg4 hxg4 34.Be2 Kc7 35.Rf5 Re7 36.b4 axb4
37.axb4 Ne4 38.Bxg4 Nd6 39.Rxe5 Rxe5 40.c5 Nf5 41.Kf3 f6 42.Kf4 Ne7 43.Rd7+ Kb8
44.e4 Ng6+ 45.Ke3 Re7 46.Rd8+ Ka7 47.Bf5 Nh4 48.Kf4 Nxf5 49.Kxf5 b6 50.cxb6+ Kxb6
51.Rd4 Rf7 52.Ke6 Rf8 53.Ke7 Rh8 54.Kxf6 Rh4 55.Kg5 Rh8 56.e5 c5 57.bxc5+ Kxc5
58.Rd1 Kc6 59.e6 Rh2 60.e7 Rg2+ 61.Kf6 Rf2+ 62.Ke6 Re2+ 63.Kf7 Rf2+ 64.Ke8 Kc7
65.Rc1+ Kb7 66.Rc4 Rf1 67.Kd7 Rd1+ 68.Ke6 Re1+ 69.Kf6 Re2 70.Rc5  1-0

[Event "36th Olympiad"]
[Site "Calvia ESP"]
[Date "2004.10.17"]
[Round "3"]
[White "Svetushkin,D"]
[Black "Dizdarevic,E"]
[Result "1/2-1/2"]
[WhiteElo "2568"]
[BlackElo "2538"]

1.e4 d5 2.exd5 Qxd5 3.Nc3 Qd8 4.d4 Nf6 5.Bc4 c6 6.Nf3 b5 7.Bb3 e6 8.Bg5 Be7
9.Ne5 a5 10.a3 O-O 11.O-O Bb7 12.Qf3 Qxd4 13.Rfe1 Nbd7 14.Nxc6 Bxc6 15.Qxc6 b4
16.axb4 Bxb4 17.Qf3  1/2-1/2

[Event "36th Olympiad"]
[Site "Calvia ESP"]
[Date "2004.10.17"]
[Round "3"]
[White "Fressinet,L"]
[Black "Wong Meng Kong"]
[Result "1/2-1/2"]
[WhiteElo "2640"]
[BlackElo "2470"]

1.e4 d5 2.exd5 Qxd5 3.Nc3 Qd6 4.d4 Nf6 5.Nf3 a6 6.g3 Bg4 7.Bg2 Nc6 8.O-O O-O-O
9.d5 Nb4 10.Bf4 Qc5 11.Be3 Qd6 12.h3 Bh5 13.Qe2 e5 14.dxe6 Qxe6 15.g4 Bg6
16.Nd4 Qe8 17.Rfe1 h5 18.Qf3 c6 19.a3 hxg4 20.hxg4 Nbd5 21.Nxd5 Rxd5 22.g5 Be4
23.Bh3+ Kc7 24.Bf4+ Bd6 25.gxf6 Bxf3 26.Rxe8 Rxe8 27.Bxd6+ Rxd6 28.Nxf3 Rxf6
29.Bg2 Re2 30.Rc1 Rf4 31.Kf1 Re6 32.Ne1 g5 33.Nd3 Rh4 34.Rd1 Rd4 35.Re1 Rxe1+
36.Kxe1 a5 37.Ke2 f5 38.Ke3 Rc4 39.c3 Rh4 40.Nc5 Rh2 41.Bf1 f4+ 42.Ke2 g4
43.Ne6+ Kd6 44.Nxf4 g3 45.Bg2 gxf2 46.Kxf2 Rh7 47.Ke3 Kc5 48.Bf1 Re7+ 49.Kd2 Kd6
50.Bd3 Re5 51.Ng2 Kc7 52.Ne3 Rh5 53.Be2 Rg5 54.Nc4 Rf5 55.Ke3 Rg5 56.Nd2 Rd5
57.Nf3 Rd6 58.Nd2 Rd5 59.Ne4 Rf5 60.c4 b6 61.Bf3 Rf8 62.c5 Rd8 63.Be2 bxc5
64.Nxc5 Rd5 65.Ne4 Rd8 66.Bd3 Rb8 67.Nd2 Rxb2 68.Nc4 Rb5 69.Kd4 Rd5+ 70.Kc3 Rb5
71.Be4  1/2-1/2

[Event "36th Olympiad"]
[Site "Calvia ESP"]
[Date "2004.10.19"]
[Round "5"]
[White "Guseinov,G"]
[Black "Kurajica,B"]
[Result "1-0"]
[WhiteElo "2552"]
[BlackElo "2541"]

1.e4 d5 2.exd5 Qxd5 3.Nc3 Qd6 4.d4 Nf6 5.Nf3 g6 6.g3 Bg7 7.Bg2 Qa6 8.Bf4 c6
9.Qd2 O-O 10.Ne5 Be6 11.a3 Rd8 12.O-O-O Nh5 13.Ne4 Bd5 14.Nc5 Qb6 15.Bxd5 cxd5
16.Rhe1 Nxf4 17.gxf4 Na6 18.Nxa6 Qxa6 19.f5 Rac8 20.Kb1 Rd6 21.fxg6 fxg6
22.h4 Qb5 23.h5 Rb6 24.c3 Qa4 25.hxg6 hxg6 26.Rg1 Bxe5 27.dxe5 Qe4+ 28.Ka1 Qxe5
29.Rde1 Qd6 30.Rh1 Rf8 31.Qd4 Qf6 32.Qxd5+ Kg7 33.Qd7 Qd6 34.Rxe7+ Kf6 35.Qxd6+ Rxd6
36.Rxb7 a6 37.Rhh7 Kg5 38.Rhf7 Rf6 39.Rxf8 Rxf8 40.Rb6 a5 41.Rb5+ Kh4 42.Rxa5 g5
43.Ra7 Rxf2 44.Rh7+ Kg3 45.Ka2 g4 46.a4 Rf5 47.b4 Kf4 48.b5 g3 49.Rh1 Ke3
50.Ka3 Kd3 51.Rg1 Kxc3 52.Rxg3+ Kc4 53.Rb3 Rh5 54.b6  1-0

[Event "36th Olympiad w"]
[Site "Calvia ESP"]
[Date "2004.10.22"]
[Round "7"]
[White "Quinn,De"]
[Black "Pacheco,H"]
[Result "0-1"]
[WhiteElo "2036"]
[BlackElo "1984"]

1.e4 d5 2.exd5 Qxd5 3.Nc3 Qd6 4.d4 Nf6 5.Nf3 a6 6.h3 Nc6 7.a3 Bf5 8.Bc4 e6
9.O-O h6 10.Re1 O-O-O 11.Be3 g5 12.b4 g4 13.Ne5 Nxe5 14.dxe5 Qxe5 15.Qxd8+ Kxd8
16.Rad1+ Kc8 17.Bd4 Qf4 18.Bxf6 Bg7 19.Bxg7 Rg8 20.Rd4 Qg5 21.Be5 gxh3 22.g3 Bg4
23.Bf4 h2+ 24.Kg2 Qh5 25.Be2 Bxe2 26.Nxe2 h1=Q+ 27.Rxh1 Qxe2 28.Bxh6 e5 29.Rd2 Qe4+
30.f3 Qg6 31.g4 e4 32.Rdd1 exf3+ 33.Kxf3 Qxg4+ 34.Kf2 Qg2+ 35.Ke3 Re8+ 36.Kf4 Re4+  0-1

[Event "Essent Open"]
[Site "Hoogeveen NED"]
[Date "2004.10.22"]
[Round "8"]
[White "Van Weersel,A"]
[Black "Struk,J"]
[Result "1-0"]
[WhiteElo "2184"]
[BlackElo "2237"]

1.e4 d5 2.exd5 Qxd5 3.Nc3 Qd6 4.d4 Nf6 5.Bc4 a6 6.Nf3 b5 7.Be2 Bb7 8.O-O e6
9.Bg5 Nbd7 10.a4 b4 11.Nb1 Ne4 12.Be3 Ndf6 13.Nbd2 Nxd2 14.Nxd2 Nd5 15.Bf3 Be7
16.Nc4 Qd8 17.Na5 Rb8 18.Nxb7 Rxb7 19.c4 bxc3 20.bxc3 O-O 21.Bd2 Rb8 22.a5 c5
23.dxc5 Bxc5 24.Qc2 Qc7 25.Be4 h6 26.Ra4 Rfd8 27.Qc1 Qd7 28.Bc2 Nb6 29.Ra2 Nc4
30.Bf4 e5 31.Bxh6 gxh6 32.Qxh6 f5 33.Qg6+ Qg7 34.Qxf5 Rd6 35.Ra4 Rf6 36.Qe4 Qf7
37.Qxc4 Qxc4 38.Rxc4 Ba7 39.g3 Rbf8 40.Rg4+ Kh8 41.Rh4+ Kg8 42.Bb3+ Kg7 43.Rg4+ Kh6
44.Re4 Rxf2 45.Rxf2 Rxf2 46.Kh1 Bb8 47.Bc4 Bc7 48.Bxa6 Bxa5 49.Rxe5 Bxc3
50.Re3 Bd4 51.Re4 Bc5 52.h4 Rd2 53.Be2 Rd4 54.Re6+ Kg7 55.Kg2 Rd6 56.Re5 Bb6
57.g4 Rf6 58.Bf3 Bc7 59.Rg5+ Kf8 60.Rc5 Bb6 61.Rc8+ Kg7 62.g5 Rf8 63.Rc6 Bd4
64.h5 Be3 65.Rc7+ Rf7 66.h6+ Kf8 67.Rc8+ Ke7 68.g6 Rf6 69.g7 Rg6+ 70.Kf1  1-0

[Event "36th Olympiad w"]
[Site "Calvia ESP"]
[Date "2004.10.23"]
[Round "8"]
[White "Mendoza,B"]
[Black "Garcia Garcia,E"]
[Result "1/2-1/2"]
[WhiteElo "2131"]
[BlackElo "2051"]

1.e4 d5 2.exd5 Qxd5 3.Nc3 Qd8 4.Bc4 Nf6 5.Nf3 e6 6.O-O Be7 7.d4 c6 8.Bg5 b5
9.Bd3 Nbd7 10.Qe2 O-O 11.Rad1 Bb7 12.Ne5 a6 13.Rfe1 Rc8 14.Qf3 Qc7 15.Qh3 Rfe8
16.Re3 Nf8 17.Rg3 c5 18.Qh4 cxd4 19.Bxf6 Bxf6 20.Qxf6 Ng6 21.Qxf7+ Qxf7 22.Nxf7 Kxf7
23.Ne4 Bxe4 24.Bxe4 e5 25.Rf3+ Ke7 26.c3 dxc3 27.bxc3 Rc4 28.Bd3 Rf4 29.Be2 Rxf3
30.Bxf3 Kf8  1/2-1/2